[Event "GRE-chT 45th"]
[Site "Achaia"]
[Date "2017.07.06"]
[Round "5.3"]
[White "Loutragotis, Paraskevas Pantelei"]
[Black "Sotiropoulos, Anastasios Theohar"]
[Result "1-0"]
[WhiteElo "1823"]
[BlackElo "1757"]
[PlyCount "83"]
[EventDate "2017.07.03"]
[EventType "team-swiss"]
[EventRounds "7"]
[EventCountry "GRE"]
[SourceTitle "CBM 179 Extra"]
[Source "ChessBase"]
[SourceDate "2017.08.23"]
[SourceVersion "1"]
[SourceVersionDate "2017.08.23"]
[SourceQuality "1"]
[WhiteTeam "Glyfadas Zenon"]
[BlackTeam "Sykeon Neapolis"]
[WhiteTeamCountry "GRE"]
[BlackTeamCountry "GRE"]

1. e4 c6 2. d4 d5 3. e5 Bf5 4. Be3 e6 5. Nd2 Nd7 6. Ngf3 Ne7 7. Be2 Bg6 8. Nh4 Nf5 9. Nxf5 Bxf5 10. g4 Bg6 11. h4 h6 12. h5 Bh7 13. 0-0 f6 14. f4 fxe5 15. fxe5 Be7 16. Nf3 0-0 17. Bd3 Bxd3 18. Qxd3 Rf7 19. Rad1 Nf8 20. Rd2 Bg5 21. Bxg5 hxg5 22. Rh2 Qe7 23. Kg2 Rc8 24. h6 c5 25. Rfh1 c4 26. Qe3 Nh7 27. hxg7 Rxg7 28. Kg3 Rf8 29. Nxg5 Qxg5 30. Qxg5 Rxg5 31. Rxh7 Rf7 32. Rxf7 Kxf7 33. Rh7+ Rg7 34. Rxg7+ Kxg7 35. b4 cxb3 36. cxb3 Kh6 37. Kh4 Kg6 38. g5 b6 39. b4 a6 40. a4 Kg7 41. Kh5 b5 42. a5 1-0

[Event "GRE-ch U16"]
[Site "Achaia"]
[Date "2017.06.27"]
[Round "3"]
[White "Sotiropoulos, Anastasios Theohar"]
[Black "Michalis, Christos Panagiotis"]
[Result "1/2-1/2"]
[WhiteElo "1757"]
[BlackElo "1368"]
[PlyCount "61"]
[EventDate "2017.06.26"]
[EventType "swiss"]
[EventRounds "9"]
[EventCountry "GRE"]
[SourceTitle "CBM 179 Extra"]
[Source "ChessBase"]
[SourceDate "2017.08.23"]
[SourceVersion "1"]
[SourceVersionDate "2017.08.23"]
[SourceQuality "1"]

1. Nf3 Nf6 2. g3 b6 3. Bg2 Bb7 4. 0-0 e6 5. c4 Be7 6. Nc3 0-0 7. d4 Ne4 8. Bd2 Nxd2 9. Qxd2 c5 10. Rad1 d6 11. d5 e5 12. e4 Qd7 13. Ne1 Na6 14. Nd3 Nc7 15. f4 f6 16. Nf2 b5 17. Bh3 Qe8 18. cxb5 Nxb5 19. Be6+ Kh8 20. Nxb5 Qxb5 21. Ng4 Qa4 22. Qg2 Qxa2 23. Ne3 Ba6 24. Rfe1 Qb3 25. Nf5 Qb7 26. Ra1 Bb5 27. Qh3 Be8 28. Nh4 Bf7 29. f5 Kg8 30. Qg4 Qxb2 31. Ng6 1/2-1/2